01540nam a2200205Ia 4500003000400000005001700004008004100021040001000062041000800072082000800080100002900088245007100117260010200188300002300290504002400313520083900337653002801176653002401204710010601228Ost20260426125804.0260426s9999||||xx |||||||||||||| ||und|| cfsecg aeng a382 aLadjedel, KhaledeAuthor 0aFinancial Organizations and International Trade /cKhaled Ladjedel aAlgiers :bUniversity of Algiers 3 Faculty of Economics Commercial Sciences and Management,c2024 a110 paper, c12 cm aReferences paper 96 aThe document provides a comprehensive overview of international financial organizations, their history, functions, and impact on global trade. It begins by defining key concepts and classifying financial institutions based on various criteria. The document delves into the objectives and activities of financial institutions, highlighting their role in economic development and risk management. It then explores the emergence of international trade, its theories, and the factors influencing its growth. A significant portion of the document is dedicated to major international organizations such as the International Monetary Fund (IMF), the World Bank, and the World Trade Organization (WTO). It details their structures, objectives, and functions, while also discussing their impact on global economic policies and trade relations. aFinancial Organizations aInternational trade aUniversity of Algiers 3 Faculty of Economics Commercial Sciences and ManagementeScientific publisher